Statistics for NFL Teams by Joke

Click here to take the quiz!

General Stats

  • This quiz has been taken 48 times
  • The average score is 18 of 21

Answer Stats

Joke
Team
% Correct
DeflatriotsPatriots
98%
Drew LockBroncos
95%
0-16 (2017)Browns
95%
0-16 (2008)Lions
95%
TikToksSteelers
95%
Double DoinkBears
93%
28-3Falcons
93%
Butt FumbleJets
93%
Should Have Ran ItSeahawks
93%
Jerry Jones and WomenCowboys
88%
Urban MeyerJaguars
88%
One Yard ShortTitans
86%
Coin TossBills
83%
NFC ChampionshipPackers
83%
RB Made of GlassPanthers
83%
Pass InterferenceSaints
83%
No First Round PicksRams
81%
PrisonRaiders
79%
0-26Buccaneers
76%
23 LawsuitsTexans
76%
Dan SnyderCommanders
74%

Score Distribution

Percentile by Number Answered

Percent of People with Each Score

Your Score History

You have not taken this quiz